| 000 | 00600 a2200205 4500 | ||
|---|---|---|---|
| 001 | 63553 | ||
| 005 | 20260407155934.0 | ||
| 008 | 260407a1972 arg spa d | ||
| 003 | AR-UNSa-BCEJYS | ||
| 040 |
_aAR-UNSa-BCEJYS _bspa _cAR-UNSa-BCEJYS |
||
| 080 |
_a004 _xCiencia y tecnología de los ordenadores. Informática |
||
| 245 | 1 | 0 | _aQué debe saber un ejecutivo sobre ordenadores |
| 264 | 1 |
_aBilbao : _bEdiciones Deusto _c1972 |
|
| 300 |
_a155 p. _c21 cm. |
||
| 041 | _aspa | ||
| 942 | _cBK | ||
| 590 | _aniveau_biblio:m niveau_hierar:0 | ||
| 100 | 1 | _aKanter, Jerome | |
| 700 | 1 | _aGurrea, Alvaro | |
| 999 |
_c8238 _d8238 |
||